Viete čo je OKP?

Bibliographic Details
Main Author: Gombošová, Anna (Author)
Format: Article
Language:Slovak
PhysicalDescription:Obr. 1.
Subjects:

MARC

LEADER 00000nab a2200000 a 4500
001 vtls000393203
003 SK-MaSNL
005 20260303210815.0
008 220422c1990 xo 0 slo
015 |a SNBRB19rr/mm-uuuuu 
035 |a CL0393327 
040 |a SNKBUCL  |b slo  |c SNKBUCL  |e AACR2 
041 0 |a slo 
044 |a xo  |c SK 
080 |a 616.99  |2 1981 
080 |a 616-008.88/.89  |2 1981 
100 1 |a Gombošová, Anna  |4 aut  |9 8519 
245 1 0 |a Viete čo je OKP?  |c Anna Gombošová 
300 |b Obr. 1. 
650 0 7 |a klinická parazitológia  |2 SNKPH  |9 1242982 
650 0 7 |a Nemocnica s poliklinikou akademika L. Dérera (Bratislava, Slovensko)  |2 snkbucl  |9 1242983 
651 7 |a 5100  |2 snkbucl  |9 166206 
655 7 |a články z novín a časopisov  |2 SNK  |9 267496 
773 0 |t Zdravie  |g Roč. 46, č. 8 (1990), s. 25 
850 |a Slovenská národná knižnica v Martine  |a MTA001 
852 |a SNK  |b KIS3GCP 
958 |a RK 
958 |a ME 
992 |a RBX 
999 |c 2201846  |d 2203776